000 00460nam a22001817a 4500
005 20260210131243.0
008 260210b |||||||| |||| 00| 0 eng d
020 _a9789386806048
_c1995.00
040 _aMAIN
041 _aEnglish
082 _a660.6
_bSIN
100 _aSingh, Rana Vikram
_926265
245 _aIndustrial Microbiology
260 _aNew Delhi
_bIshwar Books
_c2025
300 _a296
650 _aBiological Science
_914046
942 _cBK
999 _c60313
_d60313